00976nam a2200277 a 450000100100000000500170001000800410002702000150006804000250008304100380010808200180014610000350016424000240019924500700022326000500029330000210034349000270036453400340039165000250042565000290045070000380047983000330051704900090055095201220055999900170068100002479620200930023356.0110203s1990 sp r 000 f spa d a8432230685 aDO-SdBNPbspacBNPHU17aenghspa2Código de idioma MARC a833.91bF917n1 aFrisch, Max,d1911-199195088410aStiller.lEspañol10aNo soy Stiller /cMax Frisch ; traducción Margarita Fontseré. aBarcelona, (España) :bSeix Barral ,c1990. a515 p. ;c19 cm.1 aBiblioteca de Bolsillo aTítulo original :tStiller. 4aNovela alemana93302 4aLiteratura alemana932741 aFontseré, Margaritaetr.950885 0aBiblioteca de Bolsillo95816 aBNGR 001054708MOaGRbGRcCTd2011-02-04iLF1l0o833.91 F917np24796-10r2020-06-25w2020-06-25y4ZPréstamo en sala c24289d24289